000 00437nam a2200169Ia 4500
008 220204s9999 xx 000 0 und d
082 _a581.52:577.3
_bCAM
100 _aCAMPBELL, Gaylar S
245 0 _aIntroduction to environmental biophysics
260 _aNew York
_bSpringer Verlag
_c1977
650 _aBiophysics
650 _aEcology
650 _aEnvironment
650 _aPlant canopies
650 _aRadiation
942 _cBK
999 _c29595
_d29595